धरोहर कहानियाँ : चन्द्रधर शर्मा ‘गुलेरी (Record no. 393963)

MARC details
000 -LEADER
fixed length control field 00773 a2200205 4500
005 - DATE & TIME
control field 20260218102050.0
008 - FIXED-LENGTH DATA ELEMENTS--GENERAL INFORMATION
fixed length control field 260218b |||||||| |||| 00| 0 eng d
020 ## - ISBN
International Standard Book Number 9788198959409
Price रु 250.00
040 ## - CATALOGING SOURCE
Original cataloging agency VIVEKANANDA LIBRARY
082 ## - DDC NUMBER
Classification number 891.43301451
Book Number GC951D
100 ## - MAIN ENTRY--PERSONAL NAME
Personal name गुलेरी, चन्द्रधर शर्मा
110 ## - MAIN ENTRY--CORPORATE NAME
Corporate name आरिफ, मो. सम्पा.
245 ## - TITLE STATEMENT
Title धरोहर कहानियाँ : चन्द्रधर शर्मा ‘गुलेरी
250 ## - EDITION STATEMENT
Edition statement Latest edition
260 ## - PUBLICATION, DISTRIBUTION, ETC. (IMPRINT)
Name of publisher, distributor, etc लोकभारती प्रकाशन
Date of publication, distribution, etc 2023
Place of publication, distribution, etc प्रयागराज
300 ## - PHYSICAL DESCRIPTION
Pages 100
650 ## - Subject
Subject हिन्दी साहित्य
651 ## - SUBJECT ADDED ENTRY--GEOGRAPHIC NAME
Geographic name कहानी-संग्रह
942 ## - ADDED ENTRY ELEMENTS (KOHA)
Koha item type Hindi Books
Holdings
Withdrawn status Lost status Source of classification or shelving scheme Damaged status Not for loan Location (home branch) Sublocation or collection (holding branch) Date acquired Koha issues (times borrowed) Accession No. Koha date last seen Koha item type
    Dewey Decimal Classification     VIVEKANANDA LIBRARY VIVEKANANDA LIBRARY 07/01/2026   443837 07/01/2026 Books
    Dewey Decimal Classification     VIVEKANANDA LIBRARY VIVEKANANDA LIBRARY 07/01/2026   443838 07/01/2026 Books
© Designed and Maintained by Vivekananda Library, MDU Rohtak